[Event "Brazil Xadrez Brasil op"]
[Site "Brazil"]
[Date "2010.11.15"]
[Round "6"]
[White "Pimentel, William Barreto"]
[Black "Lutz, Igor Oscar"]
[Result "0-1"]
[WhiteElo "2081"]
[BlackElo "2058"]
[PlyCount "140"]
[EventDate "2010.11.12"]
[EventType "swiss"]
[EventRounds "7"]
[EventCountry "BRA"]
[SourceTitle "EXT 2013"]
[Source "ChessBase"]
[SourceDate "2012.11.22"]
[SourceVersion "1"]
[SourceVersionDate "2012.11.22"]
[SourceQuality "1"]

1. c4 c6 2. g3 d5 3. Bg2 Nf6 4. Nf3 e6 5. 0-0 Nbd7 6. Qc2 Be7 7. d3 0-0 8. Nc3 b6 9. e4 Bb7 10. e5 Ng4 11. Re1 d4 12. Nb1 Qc7 13. Bf4 c5 14. h3 Nh6 15. Bxh6 gxh6 16. Qe2 f6 17. exf6 Rxf6 18. Ne5 Nxe5 19. Qxe5 Qxe5 20. Rxe5 Bxg2 21. Kxg2 Raf8 22. f4 Bd6 23. Re2 Rg6 24. Kh2 e5 25. fxe5 Bxe5 26. Rxe5 Rf2+ 27. Kg1 Rxb2 28. g4 Rf6 29. Rf5 Re6 30. Na3 Ree2 31. Nb5 Rg2+ 32. Kf1 Rh2 33. Ke1 Rh1+ 34. Rf1 Rxh3 35. Rf2 Rh1+ 36. Rf1 Rhh2 37. Rf3 Rh1+ 38. Rf1 Rhh2 39. Rf3 Rhg2 40. Nd6 Rg1+ 41. Rf1 Rxg4 42. Ne4 Rgg2 43. Rf2 Rg1+ 44. Rf1 Rbg2 45. a4 Kg7 46. a5 h5 47. axb6 axb6 48. Ra7+ Kg6 49. Rxg1 Rxg1+ 50. Kf2 Rd1 51. Ke2 Rb1 52. Rb7 h4 53. Nf2 h5 54. Kf3 Rb3 55. Kg2 Rb2 56. Kf3 Rb3 57. Ke4 Rb2 58. Nh3 Re2+ 59. Kd5 Re3 60. Rxb6+ Kf5 61. Nf2 h3 62. Rb1 Rf3 63. Nh1 Rxd3 64. Kxc5 Rd2 65. Kd5 h2 66. Rf1+ Kg4 67. Nf2+ Rxf2 68. Rh1 d3 69. c5 Rc2 70. c6 d2 0-1

[Event "Brazil Xadrez Brasil op"]
[Site "Brazil"]
[Date "2010.11.12"]
[Round "1"]
[White "Valente, Luiz Antonio Araujo"]
[Black "Pimentel, William Barreto"]
[Result "0-1"]
[WhiteElo "1595"]
[BlackElo "2081"]
[PlyCount "100"]
[EventDate "2010.11.12"]
[EventType "swiss"]
[EventRounds "7"]
[EventCountry "BRA"]
[SourceTitle "EXT 2013"]
[Source "ChessBase"]
[SourceDate "2012.11.22"]
[SourceVersion "1"]
[SourceVersionDate "2012.11.22"]
[SourceQuality "1"]

1. d4 f5 2. c4 Nf6 3. Nc3 e6 4. Nf3 g6 5. e3 Bg7 6. Be2 0-0 7. 0-0 d6 8. b4 Qe8 9. Qb3 h6 10. Rd1 e5 11. dxe5 dxe5 12. c5+ Be6 13. Bc4 Bxc4 14. Qxc4+ Kh7 15. Bb2 Nbd7 16. e4 c6 17. exf5 gxf5 18. Qh4 e4 19. Nd4 Nd5 20. Nxd5 cxd5 21. Qh3 Qg6 22. Rd2 Ne5 23. Rad1 Nc4 24. Rc2 Nxb2 25. Rxb2 Rad8 26. Rbd2 Be5 27. Nb5 a6 28. Rxd5 Rxd5 29. Rxd5 Qe6 30. Nc3 Rf6 31. Rd2 Qc4 32. Rd7+ Kg6 33. g4 Rf7 34. Rxf7 Kxf7 35. Nd1 Qxb4 36. gxf5 Qe1+ 37. Qf1 Qxf1+ 38. Kxf1 Bd4 39. c6 bxc6 40. Ke2 Kf6 41. Ne3 Bxe3 42. Kxe3 Kxf5 43. a4 a5 44. h3 c5 45. h4 h5 46. f4 c4 47. Kd4 Kxf4 48. Kxc4 e3 49. Kb5 e2 50. Kxa5 e1Q+ 0-1

[Event "Sindilegis op-A"]
[Site "Sindilegis"]
[Date "2009.11.01"]
[Round "4"]
[White "Fortaleza, Silvio Jose"]
[Black "Pimentel, William Barreto"]
[Result "1-0"]
[WhiteElo "2079"]
[BlackElo "2079"]
[PlyCount "79"]
[EventDate "2009.10.31"]
[EventType "swiss"]
[EventRounds "6"]
[EventCountry "BRA"]
[SourceTitle "EXT 2012"]
[Source "ChessBase"]
[SourceDate "2011.11.24"]
[SourceVersion "1"]
[SourceVersionDate "2011.11.24"]
[SourceQuality "1"]

1. e4 c5 2. g3 e6 3. Bg2 d5 4. exd5 exd5 5. h3 Nf6 6. Ne2 d4 7. d3 Be7 8. Na3 Nc6 9. Bf4 Nd5 10. Bd2 Bf5 11. Nc4 Qd7 12. Nf4 Nc7 13. Qf3 0-0 14. g4 Be6 15. Nxe6 fxe6 16. Qe4 Nd5 17. 0-0 b5 18. Na3 Rab8 19. Rae1 Nd8 20. Nb1 b4 21. c4 Nf6 22. Qe2 Bd6 23. b3 e5 24. Bg5 Ne6 25. Bxf6 Rxf6 26. Bd5 Kh8 27. Bxe6 Rxe6 28. f4 Rh6 29. fxe5 Re6 30. Qf3 Rbe8 31. Qd5 g6 32. Nd2 Rxe5 33. Rxe5 Rxe5 34. Rf8+ Kg7 35. Qg8+ Kh6 36. Nf3 Re7 37. Rd8 Qe6 38. Qf8+ Rg7 39. Rxd6 Qe7 40. Qf4+ 1-0

[Event "Brasiliense-ch 47th"]
[Site "Brasilia"]
[Date "2007.10.24"]
[Round "7.1"]
[White "Pimentel, William Barreto"]
[Black "Nascimento, Davi da Silva"]
[Result "1/2-1/2"]
[WhiteElo "2081"]
[BlackElo "2130"]
[PlyCount "170"]
[EventDate "2007.10.24"]
[EventType "swiss"]
[EventRounds "7"]
[EventCountry "BRA"]
[SourceTitle "EXT 2022"]
[Source "ChessBase"]
[SourceDate "2021.10.06"]
[SourceVersion "1"]
[SourceVersionDate "2021.10.06"]
[SourceQuality "1"]

1. e4 c5 2. Nc3 e6 3. g3 a6 4. Bg2 Nc6 5. d3 d6 6. Be3 Be7 7. f4 Bf6 8. Nf3 Bd4 9. Bxd4 Nxd4 10. 0-0 Nxf3+ 11. Qxf3 h5 12. f5 e5 13. Nd5 Nf6 14. c3 Nxd5 15. exd5 Qb6 16. f6 g6 17. Qf2 Bf5 18. Rad1 Qd8 19. d4 cxd4 20. cxd4 Qxf6 21. dxe5 dxe5 22. d6 0-0 23. Bxb7 Rad8 24. Qc5 h4 25. b4 hxg3 26. hxg3 Qe6 27. Qd5 Qxd5 28. Rxd5 Be4 29. Rfd1 Bxd5 30. Rxd5 Rb8 31. Bxa6 Rxb4 32. d7 Rd8 33. Bb5 f6 34. a4 Kf7 35. Kf2 Ke6 36. Rd2 Rxb5 37. axb5 Rxd7 38. Rb2 Rb7 39. Ke3 Rb6 40. g4 Kd5 41. Rf2 Kc5 42. Ke4 Rd6 43. Rb2 Rd4+ 44. Kf3 Kb6 45. Rb1 Rd5 46. Ke4 Rxb5 47. Rf1 Rb4+ 48. Kd5 Rd4+ 49. Ke6 Rf4 50. Rb1+ Kc5 51. g5 fxg5 52. Kxe5 Rf5+ 53. Ke4 Rf7 54. Rd1 Rf4+ 55. Ke3 Kc6 56. Rd8 Kc7 57. Rd5 Rf5 58. Rd1 Kc6 59. Rd8 Rd5 60. Rg8 Rd6 61. Kf3 Kd7 62. Kg4 Ke7 63. Kxg5 Kf7 64. Ra8 Rd5+ 65. Kg4 Kg7 66. Ra3 Rb5 67. Rc3 Rb1 68. Kg3 Kh6 69. Kg2 g5 70. Ra3 Kh5 71. Rc3 Rb4 72. Ra3 Kh4 73. Kg1 Rb2 74. Rc3 g4 75. Ra3 Rc2 76. Rb3 Rc1+ 77. Kg2 Rc4 78. Kg1 g3 79. Rb8 Kh3 80. Rh8+ Rh4 81. Rxh4+ Kxh4 82. Kg2 Kg4 83. Kg1 Kh3 84. Kh1 g2+ 85. Kg1 Kg3 1/2-1/2

[Event "Brasilia Taca CC XI"]
[Site "Brasilia"]
[Date "2007.08.05"]
[Round "2.10"]
[White "Pimentel, William Barreto"]
[Black "Rocha, Tarciso"]
[Result "1-0"]
[WhiteElo "2089"]
[BlackElo "1970"]
[PlyCount "63"]
[EventDate "2007.08.05"]
[EventType "swiss"]
[EventRounds "10"]
[EventCountry "BRA"]
[SourceTitle "EXT 2022"]
[Source "ChessBase"]
[SourceDate "2021.10.06"]
[SourceVersion "1"]
[SourceVersionDate "2021.10.06"]
[SourceQuality "1"]

1. e4 c5 2. Nc3 d6 3. g3 Nc6 4. Bg2 Nf6 5. d3 e6 6. f4 Be7 7. Nf3 a6 8. 0-0 0-0 9. h3 Qc7 10. Be3 Bd7 11. Bf2 Rac8 12. Qd2 b5 13. a3 Rfd8 14. g4 b4 15. axb4 cxb4 16. Ne2 a5 17. Kh1 d5 18. e5 Ne8 19. d4 Na7 20. Rac1 Nb5 21. Ng3 g6 22. f5 exf5 23. gxf5 Bxf5 24. Nxf5 gxf5 25. Rg1 Kh8 26. Bf1 Rb8 27. Bd3 Qd7 28. Bh4 Ng7 29. Rxg7 Kxg7 30. Rg1+ Kh8 31. Qh6 Rg8 32. Bf6+ 1-0

[Event "Brasiliense-ch 46th"]
[Site "Brasilia"]
[Date "2006.12.11"]
[Round "4"]
[White "Pimentel, William Barreto"]
[Black "Cardoso, Cicero Assuncao Jr"]
[Result "1-0"]
[WhiteElo "2101"]
[BlackElo "1865"]
[PlyCount "71"]
[EventDate "2006.12.04"]
[EventType "swiss"]
[EventRounds "10"]
[EventCountry "BRA"]
[SourceTitle "EXT 2022"]
[Source "ChessBase"]
[SourceDate "2021.10.06"]
[SourceVersion "1"]
[SourceVersionDate "2021.10.06"]
[SourceQuality "1"]

1. c4 c5 2. Nc3 Nf6 3. e3 g6 4. Be2 Bg7 5. h4 d5 6. cxd5 Nxd5 7. h5 0-0 8. Nf3 Bg4 9. hxg6 hxg6 10. Qb3 Nb4 11. a3 Nd3+ 12. Bxd3 Qxd3 13. Qxb7 Nd7 14. Qe4 Qxe4 15. Nxe4 Rab8 16. Rb1 Bf5 17. d3 c4 18. Nh4 Bxe4 19. dxe4 c3 20. b4 Ne5 21. Ke2 Rfc8 22. Nf3 Nc4 23. Nd4 a5 24. Kd3 axb4 25. axb4 Ne5+ 26. Kc2 Nc6 27. Nxc6 Rxc6 28. Ba3 Ra8 29. b5 Re6 30. Rb3 Rxe4 31. b6 Rd8 32. Rd1 Rxd1 33. Kxd1 Be5 34. b7 Bb8 35. Rxc3 Kg7 36. Rc8 1-0

[Event "Brasilia Taca BCX op"]
[Site "Brasilia"]
[Date "2006.??.??"]
[Round "6"]
[White "Machado, Gilmar Dias"]
[Black "Pimentel, William Barreto"]
[Result "0-1"]
[WhiteElo "1975"]
[BlackElo "2120"]
[PlyCount "76"]
[EventDate "2006.??.??"]
[EventType "swiss"]
[EventRounds "10"]
[EventCountry "BRA"]
[SourceTitle "EXT 2008"]
[Source "ChessBase"]
[SourceDate "2007.11.25"]
[SourceVersion "1"]
[SourceVersionDate "2007.11.25"]
[SourceQuality "1"]

1. e4 e6 2. d4 d5 3. e5 c5 4. c3 Nc6 5. Nf3 Qb6 6. Bd3 cxd4 7. cxd4 Bd7 8. 0-0 Nxd4 9. Nxd4 Qxd4 10. Nc3 a6 11. Qe2 Ne7 12. Kh1 Nc6 13. f4 Bc5 14. a3 Ba7 15. Bd2 g6 16. Rad1 Qb6 17. b4 Nd4 18. Qg4 Nb5 19. Nb1 Qd8 20. Be1 f5 21. Qh3 0-0 22. Bh4 Qe8 23. Bg5 Rc8 24. Rc1 Qf7 25. Qg3 Rc6 26. h4 h5 27. Bf6 Rfc8 28. Rxc6 Rxc6 29. Bxb5 axb5 30. Nc3 Rc4 31. Ne2 Bc6 32. Ng1 d4 33. Qb3 Rc3 34. Qb2 Qd7 35. Kh2 Qd5 36. Nf3 Qc4 37. Rd1 Bxf3 38. gxf3 Rc2+ 0-1

[Event "Brasilia Taca op 9th"]
[Site "Brasilia"]
[Date "2005.09.11"]
[Round "11"]
[White "Nascimento, Davi da Silva"]
[Black "Pimentel, William Barreto"]
[Result "1-0"]
[WhiteElo "2153"]
[BlackElo "2126"]
[PlyCount "91"]
[EventDate "2005.09.04"]
[EventType "swiss"]
[EventRounds "11"]
[EventCountry "BRA"]
[SourceTitle "CBM 108 Extra"]
[Source "ChessBase"]
[SourceDate "2005.11.04"]
[SourceVersion "1"]
[SourceVersionDate "2005.11.04"]
[SourceQuality "1"]

1. e4 e6 2. d4 d5 3. Nc3 Nf6 4. Bg5 dxe4 5. Bxf6 gxf6 6. Nxe4 Bg7 7. Nf3 0-0 8. Ng3 c5 9. Nh5 Bh6 10. Bd3 c4 11. Be2 Qa5+ 12. Nd2 c3 13. Nb3 Qg5 14. bxc3 Nd7 15. 0-0 b6 16. f4 Qf5 17. Ng3 Qg6 18. f5 Qg5 19. Bf3 Rb8 20. Qd3 Rd8 21. Rae1 Ne5 22. Qe2 Nxf3+ 23. Qxf3 Bb7 24. Qh5 Bd5 25. fxe6 fxe6 26. Qxg5+ fxg5 27. Nh5 Bc4 28. Rf3 Rf8 29. Nf6+ Kg7 30. Nd7 Rxf3 31. gxf3 Rc8 32. Ne5 Kf6 33. Nd2 Bb5 34. Ng4+ Kg7 35. Rxe6 Rc6 36. Re7+ Kg8 37. Nxh6+ Rxh6 38. c4 Ba4 39. c3 a5 40. d5 Rf6 41. Kg2 h6 42. Ne4 Rg6 43. c5 bxc5 44. Ra7 Bc2 45. Nxc5 g4 46. f4 1-0

[Event "Brasiliense-ch 44th"]
[Site "Brasilia"]
[Date "2004.11.??"]
[Round "3"]
[White "Cardoso, Cicero Assuncao Jr"]
[Black "Pimentel, William Barreto"]
[Result "0-1"]
[WhiteElo "1843"]
[BlackElo "2108"]
[PlyCount "124"]
[EventDate "2004.11.??"]
[EventType "swiss"]
[EventRounds "7"]
[EventCountry "BRA"]
[SourceTitle "EXT 2022"]
[Source "ChessBase"]
[SourceDate "2021.10.06"]
[SourceVersion "1"]
[SourceVersionDate "2021.10.06"]
[SourceQuality "1"]

1. Nf3 e6 2. c4 b6 3. g3 Bb7 4. Bg2 f5 5. d4 Nf6 6. Nc3 Bb4 7. Bg5 Bxc3+ 8. bxc3 0-0 9. 0-0 Na6 10. Qa4 Qc8 11. Rfd1 Ne4 12. Bd2 c5 13. Qb3 Nc7 14. Bf4 Ne8 15. a4 N8f6 16. a5 Nh5 17. Bc1 Rb8 18. axb6 axb6 19. Bb2 Nhf6 20. Bc1 Ng4 21. Rf1 b5 22. h3 bxc4 23. Qxc4 Bd5 24. Qd3 c4 25. Qc2 Ngf6 26. Ba3 Re8 27. Bb4 Ba8 28. Ra7 Nd5 29. Rb1 Nexc3 30. Bxc3 Rxb1+ 31. Qxb1 Nxc3 32. Qc2 Nb5 33. Ra5 Bxf3 34. exf3 Nxd4 35. Qd1 Qc7 36. Ra4 Nb5 37. Qc2 d5 38. f4 Nd6 39. Qc3 Ne4 40. Bxe4 fxe4 41. Qd4 Qf7 42. Ra7 Qf6 43. Qc5 Qf8 44. Qc7 Qf6 45. Qd7 Rd8 46. Qc6 h6 47. Rc7 Kh7 48. Qb6 c3 49. Rxc3 Qxc3 50. Qxd8 e3 51. fxe3 Qxe3+ 52. Kg2 Qe2+ 53. Kg1 Qe1+ 54. Kg2 Qe4+ 55. Kf2 d4 56. Qa5 Qe3+ 57. Kf1 Qxg3 58. Qe5 Qxh3+ 59. Ke1 Qe3+ 60. Qxe3 dxe3 61. Ke2 Kg6 62. Kxe3 Kf5 0-1

[Event "Brasiliense-ch 44th"]
[Site "Brasilia"]
[Date "2004.11.??"]
[Round "6"]
[White "Pimentel, William Barreto"]
[Black "Valle, Adriano"]
[Result "0-1"]
[WhiteElo "2108"]
[BlackElo "2260"]
[PlyCount "40"]
[EventDate "2004.11.??"]
[EventType "swiss"]
[EventRounds "7"]
[EventCountry "BRA"]
[SourceTitle "EXT 2022"]
[Source "ChessBase"]
[SourceDate "2021.10.06"]
[SourceVersion "1"]
[SourceVersionDate "2021.10.06"]
[SourceQuality "1"]

1. f4 Nf6 2. b3 g6 3. Bb2 Bg7 4. Nf3 0-0 5. e3 d5 6. Na3 c5 7. c4 d4 8. exd4 Nh5 9. g3 Nc6 10. Nc2 cxd4 11. Bd3 e5 12. Nxe5 Nxf4 13. gxf4 Qh4+ 14. Kf1 Bh3+ 15. Kg1 Nxe5 16. fxe5 Qg5+ 17. Kf2 Qg2+ 18. Ke1 Qxh1+ 19. Ke2 Qg2+ 20. Ke1 Qg1+ 0-1

[Event "Brasilia Taca op 8th"]
[Site "Brasilia"]
[Date "2004.??.??"]
[Round "?"]
[White "Lebredo Zaragoitia, Gerardo"]
[Black "Pimentel, William Barreto"]
[Result "1-0"]
[WhiteElo "2285"]
[BlackElo "2108"]
[PlyCount "92"]
[EventDate "2004.08.25"]
[EventType "swiss"]
[EventRounds "5"]
[EventCountry "BRA"]
[SourceTitle "CBM 102 Extra"]
[Source "ChessBase"]
[SourceDate "2004.11.03"]
[SourceVersion "1"]
[SourceVersionDate "2004.11.03"]
[SourceQuality "1"]

1. d4 f5 2. Nc3 d5 3. Bg5 c6 4. e3 Qb6 5. Rb1 Nd7 6. Bd3 g6 7. Nf3 Ngf6 8. 0-0 Bg7 9. b4 0-0 10. Na4 Qd8 11. c4 Ne4 12. cxd5 cxd5 13. Qb3 Ndf6 14. Bxe4 fxe4 15. Ne5 Ng4 16. Nxg4 Bxg4 17. Nc3 Rf5 18. Bh4 g5 19. Bg3 e6 20. Nxe4 Be2 21. Rfe1 Bc4 22. Qc2 Bf8 23. Nc5 Qe7 24. e4 Rf7 25. Nd3 Bxd3 26. Qxd3 Qf6 27. Qe3 Rc8 28. exd5 exd5 29. Qe5 Rc4 30. a3 Bg7 31. Qxd5 Rxd4 32. Qa2 Rd8 33. Rbd1 Rdf8 34. Rd7 Qf5 35. Rxb7 Bd4 36. Rxf7 Rxf7 37. Re7 h6 38. Rxf7 Qxf7 39. Qxf7+ Kxf7 40. Kf1 Ke6 41. Ke2 Kd5 42. Kd3 h5 43. f3 h4 44. Be1 Be5 45. Bd2 g4 46. fxg4 Bxh2 1-0

[Event "Brasil SB-ch fin 43rd"]
[Site "Brasilia"]
[Date "2003.11.15"]
[Round "4"]
[White "Pimentel, William Barreto"]
[Black "Andrade, Waldemiro"]
[Result "0-1"]
[WhiteElo "2195"]
[BlackElo "2165"]
[PlyCount "100"]
[EventDate "2003.11.13"]
[EventType "swiss"]
[EventRounds "7"]
[EventCountry "BRA"]
[SourceTitle "EXT 2005"]
[Source "ChessBase"]
[SourceDate "2004.11.15"]
[SourceVersion "1"]
[SourceVersionDate "2004.11.15"]
[SourceQuality "1"]

1. f4 d5 2. Nf3 Nf6 3. e3 Bg4 4. Be2 e6 5. 0-0 Bd6 6. d3 c6 7. Nc3 Qc7 8. Ng5 Bxe2 9. Qxe2 h6 10. Nh3 Nbd7 11. e4 dxe4 12. dxe4 e5 13. f5 0-0-0 14. Be3 Bc5 15. Bxc5 Nxc5 16. b4 Qb6 17. bxc5 Qxc5+ 18. Qf2 Qxc3 19. Qxa7 Qd4+ 20. Qxd4 Rxd4 21. Nf2 Nxe4 22. Nxe4 Rxe4 23. f6 g6 24. a4 Rd8 25. a5 Rd2 26. Rf2 Rxf2 27. Kxf2 Rf4+ 28. Ke3 Rxf6 29. a6 bxa6 30. Rxa6 Kd7 31. g3 Kd6 32. h4 Re6 33. Ra8 f5 34. Rf8 Ke7 35. Rh8 g5 36. Rh7+ Kd6 37. hxg5 hxg5 38. Rg7 f4+ 39. Ke4 Rf6 40. gxf4 gxf4 41. Rg5 f3 42. Rg1 f2 43. Rf1 Rf4+ 44. Ke3 Kd5 45. Kd3 e4+ 46. Ke3 Rf3+ 47. Ke2 Kd4 48. Kd2 e3+ 49. Ke2 Rg3 50. c3+ Ke4 0-1

[Event "Brasilia Taca BCX 7th"]
[Site "Brasilia"]
[Date "2003.10.26"]
[Round "9"]
[White "Nascimento, Davi da Silva"]
[Black "Pimentel, William Barreto"]
[Result "1-0"]
[WhiteElo "2140"]
[BlackElo "2195"]
[PlyCount "135"]
[EventDate "2003.10.19"]
[EventType "tourn"]
[EventRounds "13"]
[EventCountry "BRA"]
[SourceTitle "EXT 2004"]
[Source "ChessBase"]
[SourceDate "2003.11.25"]
[SourceVersion "1"]
[SourceVersionDate "2003.11.25"]
[SourceQuality "1"]

1. d4 f5 2. Nf3 Nf6 3. g3 e6 4. Bg2 Be7 5. 0-0 0-0 6. c3 d6 7. Re1 Nc6 8. Nbd2 e5 9. Qb3+ Kh8 10. e4 f4 11. d5 Nb8 12. Nf1 fxg3 13. hxg3 Nbd7 14. N3h2 Nc5 15. Qc2 a5 16. Be3 b6 17. b4 Ncd7 18. f4 Qe8 19. f5 g6 20. g4 gxf5 21. exf5 Bb7 22. Rad1 Qf7 23. Bh6 Bxd5 24. Bxf8 Rxf8 25. g5 Bxg2 26. g6 hxg6 27. Kxg2 Nh5 28. fxg6 Nf4+ 29. Kh1 Qc4 30. Nf3 Kg7 31. N1h2 axb4 32. Qa4 Nc5 33. Qc6 Bd8 34. cxb4 Qxa2 35. Rd2 Qa4 36. Qxa4 Nxa4 37. Rc2 Kxg6 38. Ra1 b5 39. Rc6 Nd5 40. Nxe5+ Kf5 41. Rf1+ Nf4 42. Rxf4+ Kxf4 43. Ng6+ Ke4 44. Nxf8 Kd5 45. Rc2 c5 46. bxc5 dxc5 47. Rd2+ Kc4 48. Rxd8 b4 49. Nf1 b3 50. Ne6 b2 51. Nd2+ Kc3 52. Nb1+ Kc2 53. Na3+ Kb3 54. Nb1 Kc2 55. Na3+ Kb3 56. Rd3+ Ka2 57. Kg2 c4 58. Nxc4 b1N 59. Kf3 Nbc3 60. Nd4 Kb1 61. Nb6 Nxb6 62. Rxc3 Nd5 63. Rc2 Nb4 64. Rh2 Kc1 65. Ke4 Kd1 66. Rb2 Na6 67. Ke3 Kc1 68. Rb6 1-0

[Event "Brasilia Taca BCX 7th"]
[Site "Brasilia"]
[Date "2003.10.19"]
[Round "1"]
[White "Coelho, Luis Henrique"]
[Black "Pimentel, William Barreto"]
[Result "1-0"]
[WhiteElo "2378"]
[BlackElo "2195"]
[PlyCount "101"]
[EventDate "2003.10.19"]
[EventType "tourn"]
[EventRounds "13"]
[EventCountry "BRA"]
[SourceTitle "EXT 2004"]
[Source "ChessBase"]
[SourceDate "2003.11.25"]
[SourceVersion "1"]
[SourceVersionDate "2003.11.25"]
[SourceQuality "1"]

1. e4 d5 2. exd5 Nf6 3. Nf3 Qxd5 4. Nc3 Qh5 5. Bb5+ Nc6 6. d4 Bg4 7. Be3 e6 8. Qe2 Bb4 9. 0-0-0 Bxf3 10. gxf3 Bxc3 11. bxc3 0-0 12. Rhg1 Rfd8 13. Rg5 Qxh2 14. Rdg1 g6 15. R5g3 Nh5 16. Rg4 Qd6 17. Kb2 Nf6 18. Bf4 Nxd4 19. cxd4 Qxd4+ 20. c3 Qb6 21. Be3 c5 22. Rb4 Nd5 23. Rb3 Nxe3 24. Qxe3 Qd6 25. Be2 Qc7 26. Ka1 c4 27. Rb4 b5 28. Rxb5 Rab8 29. Rgb1 Rxb5 30. Rxb5 Rd5 31. Rxd5 exd5 32. f4 Qa5 33. Bf3 Qa4 34. Qd2 d4 35. Qxd4 Qc2 36. Qd8+ Kg7 37. Qd4+ Kg8 38. Qe3 a5 39. Be2 a4 40. Bxc4 a3 41. Qe8+ Kg7 42. Qxf7+ Kh6 43. Qf8+ Kh5 44. Qxa3 Qd1+ 45. Kb2 Qd2+ 46. Kb3 Qxf4 47. Qc5+ g5 48. a4 Qc1 49. Be2+ Kh6 50. Qd6+ Kg7 51. Qe7+ 1-0